LEADER 01442nam0-22004571i-450- 001 990007879150403321 005 20091130141552.0 010 $a88-7488-066-9 035 $a000787915 035 $aFED01000787915 035 $a(Aleph)000787915FED01 035 $a000787915 100 $a20040504d2003----km-y0itay50------ba 101 0 $aita 102 $aIT 105 $aa-------001yy 200 1 $aCorso di malattie del sangue e degli organi emopoietici$fSante Tura, Michele Baccarani ... [et al.]$gcon la collaborazione di Mario Arpinati ... [et al.] 205 $a3. ed. 210 $aBologna$cEsculapio$d2003 215 $aIX, 389 p.$cill.$d27 cm 300 $ain copertina: per gli studenti di Medicina e Chirurgia e di Scienze Biologiche 610 0 $aMalattie del sangue 610 0 $aEmatologia 676 $a616.15 700 1$aTura,$bSante$0101722 701 1$aBaccarani,$bMichele$0101715 801 0$aIT$bUNINA$gRICA$2UNIMARC 901 $aBK 912 $a990007879150403321 952 $a90 R 8a 20$b2551$fFMEBC 952 $a616.15-TUR-1$b4043$fSC1 952 $a616.15-TUR-1A$b4044$fSC1 952 $a616.15-TUR-1B$b4045$fSC1 952 $a616.15-TUR-1C$b4046$fSC1 952 $a616.15-TUR-1D$b4047$fSC1 952 $aBL-616.15-(3$b4406$fNAP10 959 $aFMEBC 959 $aSC1 959 $aNAP10 996 $aCorso di malattie del sangue e degli organi emopoietici$9668922 997 $aUNINA LEADER 01379nam--2200445---450- 001 990000468010203316 005 20090112170050.0 010 $a978-88-15-11607-9 035 $a0046801 035 $aUSA010046801 035 $a(ALEPH)000046801USA01 035 $a0046801 100 $a20010524d2007----km-y0itay50------ba 101 0 $aita 102 $aIT 105 $ay|||||||001yy 200 1 $aVincitori e perdenti$ecome cambiano le pensioni in Italia e in Europa$fDavid Natali 210 $aBologna$cIl Mulino$dcopyr. 2007 215 $a226 p.$d21 cm 225 2 $aContemporanea$v179 410 $12001$aContemporanea 606 0 $aPensioni$yItalia 606 0 $aPensioni$yEuropa 606 0 $aPrevidenza sociale$xCosti$yItalia 676 $a331.252094 700 1$aNATALI,$bDavid$0545347 801 0$aIT$bsalbc$gISBD 912 $a990000468010203316 951 $a331.252 NAT 1 (IEP VIII 1735)$b200201 L.M.$cIEP VIII$d00062142 959 $aBK 969 $aECO 979 $aPATTY$b90$c20010524$lUSA01$h1810 979 $c20020403$lUSA01$h1655 979 $aPATRY$b90$c20040406$lUSA01$h1632 979 $aCOPAT4$b90$c20050211$lUSA01$h1007 979 $aCOPAT6$b90$c20070607$lUSA01$h1744 979 $aANNAMARIA$b90$c20070709$lUSA01$h1028 979 $aRSIAV1$b90$c20090112$lUSA01$h1700 996 $aVincitori e perdenti$9889133 997 $aUNISA LEADER 01102cam0 22002773 450 001 SOB020858 005 20231026091930.0 010 $a8814102104 100 $a20040211d2003 |||||ita|0103 ba 101 $aita 102 $aIT 200 1 $a<>esecuzione civile$erassegna della giurisprudenza su tutta la normativa, sostanziale e processuale con commento comprese l'esecuzione esattoriale e la fase esecutiva del procedimento di sequestro e del procedimento fallimentare$fGianni Bellagamba, Giuseppe Cariti 205 $a2.ed. ampliata e aggiornata 210 $aMilano$cGiuffrè$d2003 215 $aXVI, 801 p.$d24 cm 700 1$aBellagamba$b, Gianni$3AF00003426$4070$0145299 701 1$aCariti, Giuseppe <1935->$3AF00015112$4070$0145300 801 0$aIT$bUNISOB$c20231026$gRICA 850 $aUNISOB 852 $aUNISOB$j340$m114868 912 $aSOB020858 940 $aM 102 Monografia moderna SBN 941 $aM 957 $a340$b004261$gSI$d114868$rACQUISTO$1rovito$2UNISOB$3UNISOB$420231026091854.0$520231026091907.0$6rovito 996 $aEsecuzione civile$9639758 997 $aUNISOB